000 00561nam a22001817a 4500
003 0
005 20250109145553.0
008 250109b xxu||||| |||| 00| 0 eng d
020 _a979-8-89161-209-9
050 _aPE 1112
_b.At85 2024
100 _aAtkinson, Isaac
_eauthor.
245 _aTeaching and assessment of grammar /
_cIsaac Atkinson.
260 _aJersey City, USA :
_bAlexis Press, LLC,
_c2024.
300 _ax, 266 p. ;
_c24 cm.
504 _aIncludes bibliographical references and index.
650 _aEnglish language grammar.
942 _2lcc
_cBK
999 _c366958
_d366958